000 00474nam a2200169Ia 4500
999 _c6877
_d6877
020 _a9788173048241
082 _a297.0954 ISL-
245 0 _aIslam in South Asia: negotiating diversities
260 _aNew Delhi
_bManohar Publishers
_c2009
300 _a294
504 _aincludes index
650 _aIslam
_vSouth Asia
_vHistory
650 _aIslam and politics
_zSouth Asia
650 _aMuslims
_vSouth Asia
_vPolitical activity
700 _aHasan, Mushirul
942 _cBK